|
|
|
|
| LEADER |
00000nam a22000007a 4500 |
| 005 |
20191003222834.0 |
| 007 |
cr|||| |||| |
| 008 |
191003s2019 fr |||||s|||| 00||0 fra d |
| 020 |
|
|
|a 9786138461791
|
| 035 |
|
|
|a 29157
|
| 040 |
|
|
|a vLex
|
| 090 |
|
|
|c 9701
|d 9701
|
| 100 |
1 |
|
|a Maouia, Najeh
|
| 245 |
1 |
2 |
|a Le Tribunal Administratif au lendemain de la Rv̌olution Tunisienne
|h [Recurso electrn̤ico] /
|c Najeh Maouia
|
| 256 |
|
|
|a Servicio en ln̕ea
|
| 260 |
|
|
|a Pars̕:
|b Éditions Universitaires Europěnes,
|c 2019
|
| 300 |
|
|
|a 1 recurso electrn̤ico
|
| 500 |
|
|
|a Une rv̌olution est un changement qui provoque un processus de transformation de droit consistant ̉remplacer les institutions de l’ordre existant marquěs par leur docilit ̌ ̉l’ancien rǧime par un ordre qui se veut dm̌ocratique. Le tribunal administratif faisait figure d’une exception notable par certaines dčisions audacieuses ̉l’p̌oque de la dictature. Au lendemain de la rv̌olution, le rl̥e du tribunal administratif a ť ̌redčouvert comme arbitre du jeu politique concurrentiel. Nǎnmoins, le tribunal s’est lui-mm̊e repositionn ̌en rňovant sa politique jurisprudentielle pour consolider sa compťence, notamment en matir̈e ľectorale. Fort de son crďit lors de l’ancien rǧime, le tribunal administratif s’est impliqu ̌dans le processus de transition en favorisant les droits et libertš et plus gňřalement les exigences dm̌ocratiques. L’v̌olution considřable des nombres des recours devant le tribunal administratif, aprs̈ la rv̌olution, rv̌l̈e une prise de conscience des justiciables et un crďit de confiance de citoyens et des acteurs politiques envers cette juridiction.
|
| 506 |
1 |
|
|a Disponible solo en los productos indicados
|d vLex Global
|d vLex Global (Academic Edition, excluding Law Schools)
|d vLex Global (U.S. Academic Edition, Law Schools)
|d vLex Global (U.S. Academic Edition, excluding Law Schools)
|d vLex Global (Academic Edition, Law Schools)
|
| 650 |
4 |
0 |
|a Derecho Pb︢lico y Administrativo
|z Francia
|
| 740 |
0 |
|
|a vLex Libros (Servicio en ln̕ea)
|
| 856 |
4 |
0 |
|u http://vlex.com/source/29157
|z Acceso restringido
|
| 942 |
|
|
|c BOOK
|
| 999 |
0 |
|
|a Public and Administrative Law
|